| 000 | 01145nam0a22002531 4500 | ||
|---|---|---|---|
| 001 | rc\751370 | ||
| 005 | 20040301142344.4 | ||
| 035 | _a(NLR Aleph) 006279903 | ||
| 090 |
_a7038410 _c7038410 |
||
| 100 | _a20040301d1985 u |0rusy50 ca | ||
| 101 | 0 | _arus | |
| 102 | _aRU | ||
| 105 | _ay ||||||||| | ||
| 200 | 1 |
_aЭкономический эксперимент как важное звено совершенствования хозяйственного механизма _e(Метод. рекомендации в помощь лекторам) _fБашк. респ. орг. о-ва "Знание" _g[Подгот. Гатауллин Р.Ф., к. э. н., Кузнецова Л.В., экономист] |
|
| 210 |
_aУфа _cБашмашинформ _d1985 |
||
| 215 |
_a28 с. _d21 |
||
| 320 | _aБиблиогр.: с. 26-27 | ||
| 702 | 1 |
_aГатауллин _bР. Ф. _gРинат Фазлтдинович _4570 |
|
| 712 | 0 | 2 |
_a"Знание", о-во РСФСР _bБашкирское отделение _3RU\NLR\AUTH\889959405 |
| 801 | 0 |
_aRU _bNLR _gpsbo |
|
| 801 | 1 |
_aRU _bELAR _2rusmarc |
|
| 852 |
_aNLR _j86-4/23253 |
||
| 942 | _cBOOK | ||
| 980 | _aNB | ||